000 01064naa a22003137a 4500
001 BR9001849
003 BR-BrBNA
005 20240918180628.0
007 ta
008 230509b bl.||||| |||| 00| 0 por d
040 _aBR-BrBNA
_bpor
_cBiblioteca Nacional de Agricultura
041 _a(Pt)
072 _aM12; M40
_b3410
_bG514
090 _aM12 BR9001849
100 1 _aLeca, E.E.
100 1 _aGusmao, L.M. de O.
100 1 _aSilva, M. da G.G. da
111 1 _a8. Reuniao Nordestina de Botanica
_cRecife, PE (Brazil)
_d26-28 Oct 1984
245 1 _aMicrofitoplancton da Baia do Capim (Estado do Maranhao)
260 3 _aRecife, PE (Brasil):
_c1985.
500 _aAnais da 8. Reuniao Nordestina de Botanica Recife, PE (Brasil): 1985. p. 57-81 (BR9001849-AM)M12
650 _aPLANCTON
650 _aFITOPLANCTON
650 _aALGA MARINHA
650 _aBIOLOGIA AQUATICA
773 0 _tAnais da 8. Reuniao Nordestina de Botanica
_wM12 BR9001849
_gRecife, PE (Brasil), 1985. p. 57-81
909 _a202404
_bLucia
_c55
_dLucia Elande
942 _cAM
_2AGRIS
999 _c321397
_d321397